[Event "EYCC Open U18 2018"]
[Site "Riga"]
[Date "2018.08.21"]
[Round "2"]
[White "Gaifullin, Artur"]
[Black "Ozen, Bahadir"]
[Result "0-1"]
[WhiteElo "2461"]
[BlackElo "2302"]
[Annotator "TA"]
[PlyCount "62"]
[EventDate "2018.08.20"]
[EventType "swiss"]
[EventCountry "LAT"]
[SourceTitle "playchess.com"]
[Source "ChessBase"]
[SourceQuality "1"]

{[%evp 24,62,-13,-3,-6,-4,-10,-31,-33,-64,-6,-15,0,0,0,-28,-41,-83,13,-39,-52,-43,-31,-52,-12,-10,-5,-13,-14,-28,0,0,0,-2245,-2113,-2258,-2043,-5718,-5283,-2007,-1983]} 1. d4 d5 2. Nf3 Nf6 3. c4 e6 4. Nc3 Be7 5. Bg5 O-O 6. e3 h6 7. Bh4 b6 8. Rc1 Bb7 9. cxd5 Nxd5 10. Bxe7 Qxe7 11. Nxd5 Bxd5 12. Qa4 {D59: Queen's Gambit Declined: Tartakower Defence: Main line (8 cxd5 Nxd5)} (12. Bc4 Bxf3 13. gxf3 Nd7 14. Qa4 a6 15. Be2 c5 16. f4 Rad8 17. O-O cxd4 18. Qxd4 Nc5 19. Qc4 a5 20. Rfd1 {½-½ (41) Stupak,K (2562)-Azarov,S (2600) Bialystok 2016}) 12... c5 13. dxc5 {LiveBook: 3 Games} Rc8 14. e4 {The position is equal.} Bb7 15. Be2 $146 ({Predecessor:} 15. Bd3 Rxc5 16. O-O Nd7 17. b4 Rxc1 18. Rxc1 Nf6 19. b5 Rd8 {½-½ (19) Popov,L-Drimer,D Havana 1966}) 15... Rxc5 16. O-O Nc6 (16... Nd7 $15) 17. Rfd1 Ra5 18. Qb3 Ne5 19. Nd4 Rd8 ({Much worse is} 19... Bxe4 $6 20. Qe3 $14) 20. Nb5 {And now Rc7 would win.} Bc6 (20... Bxe4 $17 21. Qe3 {[#]} Bd3 $1 {[%mdl 512]}) 21. a4 (21. Rxd8+ $11 Qxd8 22. Nc3) 21... Rxd1+ $15 (21... Bxe4 $6 22. Qe3 $16) 22. Rxd1 Qc5 ({Reject} 22... Bxe4 23. Qe3 $11) 23. Nc3 a6 24. Rd8+ Kh7 25. Rc8 b5 {[%cal Bb6b5,Bb5b4,Bb4c3,Bc3c2][%mdl 32] next ...Qe7 is good for Black.} 26. Qd1 {Threatens to win with Qd8.} b4 27. Qd8 $1 {[%cal Rd8h8]} bxc3 28. Bh5 $2 {[%mdl 8192] [#]} (28. Qh8+ $11 Kg6 29. Rg8 Nf3+ 30. Bxf3) 28... Nf3+ $1 $19 {[%mdl 512] Black is clearly winning.} 29. gxf3 Qg5+ 30. Bg4 Qxd8 31. Rxd8 c2 {Precision: White = 36%, Black = 54%.} 0-1

[Event "EYCC Open U18 2018"]
[Site "Riga"]
[Date "2018.08.21"]
[Round "2"]
[White "Warmerdam, Max"]
[Black "Risting, Eivind Olav"]
[Result "1-0"]
[WhiteElo "2421"]
[BlackElo "2298"]
[Annotator "TA"]
[PlyCount "81"]
[EventDate "2018.08.20"]
[EventType "swiss"]
[EventCountry "LAT"]
[SourceTitle "playchess.com"]
[Source "ChessBase"]
[SourceQuality "1"]

{[%evp 30,81,-26,-17,0,0,0,-18,26,21,31,16,17,0,0,0,43,57,52,50,37,37,137,131,198,204,235,250,251,228,398,342,870,390,372,349,303,313,1897,1881,1400,1459,1947,3092,4986,3047,29995,29996,29996,29997,29997,29998,29998,191]} 1. e4 c6 2. d4 d5 3. Nd2 dxe4 4. Nxe4 Bf5 5. Ng3 Bg6 6. h4 {[%cal Bh2h4,Bh4h5][%mdl 32]} h6 7. Nf3 Nd7 8. h5 Bh7 9. Bd3 Bxd3 10. Qxd3 e6 11. Bd2 Ngf6 12. O-O-O Be7 13. Kb1 Qb6 {B19: Classical Caro-Kann: 4...Bf5 main line} (13... O-O 14. Ne4 c5 15. g4 Nxg4 16. Qe2 Qb6 17. Ne5 Ndxe5 18. dxe5 f5 19. exf6 Nxf6 20. Nc3 Rad8 21. Rhg1 Kh8 22. Rg6 {½-½ (38) Saric,I (2662)-Nisipeanu,L (2672) Heraklio 2017}) 14. c4 {[%cal Bc2c4,Bc4c5][%mdl 32]} Rd8 15. Qc2 O-O 16. Bf4 {LiveBook: 15 Games} a5 17. Rhe1 $146 ({Predecessor:} 17. Nf1 c5 18. d5 Rfe8 19. dxe6 Qxe6 20. Ne3 a4 21. Rhe1 {½-½ (32) Petrov,M (2392)-Sergeev,V (2476) ICCF email 2015}) 17... Rfe8 18. Ne5 Nf8 19. c5 Qa6 20. Nc4 Nd5 21. Bd2 b5 22. Ne5 Nb4 23. Bxb4 axb4 24. Qb3 $36 {[%mdl 2048] White has some pressure.} Rd5 25. Qxb4 Red8 {[#]} (25... Nd7 $14) 26. Ne4 $1 $16 f6 (26... Ra8 $16) 27. Ng6 $18 Nxg6 28. hxg6 e5 29. Qb3 Qa4 $2 (29... Kh8 30. Nc3 R5d7 31. dxe5 Rxd1+ 32. Rxd1 Rxd1+ 33. Qxd1 Qc8) 30. Qh3 b4 $2 (30... Qa7 31. Qe6+ Kh8) 31. b3 (31. Qe6+ $142 Kh8 32. Qxe7) 31... Qa7 32. Qe6+ Kh8 33. Qxc6 {aiming for Nd6!} f5 $2 (33... R5d7 34. Qb6 Qa8) 34. Nd6 Bxd6 35. Qxd5 Bc7 36. Qf7 {Intending Rh1 and mate.} Ra8 37. a4 {White threatens Rh1 and mate.} bxa3 38. Rh1 {White mates.} a2+ 39. Ka1 Ba5 {[#]} 40. Rxh6+ $1 {[%mdl 512]} gxh6 41. g7+ $1 {Precision: White = 78%, Black = 32%.} 1-0

[Event "EYCC Open U18 2018"]
[Site "Riga"]
[Date "2018.08.21"]
[Round "2"]
[White "Erenberg, Ariel"]
[Black "Lazov, Toni"]
[Result "1-0"]
[WhiteElo "2399"]
[BlackElo "2292"]
[Annotator "TA"]
[PlyCount "73"]
[EventDate "2018.08.20"]
[EventType "swiss"]
[EventCountry "LAT"]
[SourceTitle "playchess.com"]
[Source "ChessBase"]
[SourceQuality "1"]

{[%evp 22,73,88,85,93,85,92,81,82,87,88,83,86,76,76,76,76,76,76,66,77,69,135,93,100,104,110,96,172,182,170,171,198,214,187,68,145,115,292,281,364,358,376,358,406,405,456,427,540,530,475,459,543,539]} 1. d4 Nf6 2. c4 g6 3. Nc3 Bg7 4. e4 d6 5. Be2 O-O 6. Be3 e5 7. d5 Na6 8. g4 {E73: Königsindisch (Awerbach-Angriff)} Nc5 9. f3 a5 10. h4 h5 11. g5 Nh7 12. Qd2 {LiveBook: 16 Partien} (12. Kd2 Bd7 13. Nh3 c6 14. Nf2 cxd5 15. exd5 f5 16. gxf6 Nxf6 17. Bxc5 dxc5 {0-1 (37) Vallejo Pons,F (2705)-Radjabov,T (2741) Palma de Mallorca 2017}) 12... a4 13. O-O-O Bd7 14. Nh3 Qb8 15. Nf2 $146 ({Vorgänger:} 15. Kb1) 15... Rc8 16. Nd3 Nxd3+ 17. Bxd3 Nf8 18. Bf1 Be8 19. Bh3 Rd8 20. Qc2 Ra6 21. Kb1 c6 (21... Nd7 $14) 22. dxc6 bxc6 23. c5 {[%cal Bc4c5,Bc5d6][%mdl 32]} a3 24. b3 Ne6 (24... Bd7 $16) 25. Bxe6 $18 fxe6 26. cxd6 c5 27. Bxc5 Bf8 28. Rd2 ({Besser ist} 28. Rd3 $18) 28... Bd7 (28... Ra5 $1 $14 29. Be3 Rxd6 30. Rxd6 Qxd6) 29. Qd3 Rc6 $2 {[#]} (29... Ra5 $16 {kämpft weiter.}) 30. Bxa3 Qa8 31. Kb2 Ra6 32. Bb4 Rb8 33. a3 Qb7 34. Na2 {Weiß steht klar auf Gewinn.} Qa7 35. Rc1 Bb5 36. Qc3 Ra8 37. Qc5 {Precision: Weiß = 64%, Schwarz = 35%.} 1-0

[Event "EYCC Open U18 2018"]
[Site "Riga"]
[Date "2018.08.21"]
[Round "2"]
[White "Sousa, Andre Ventura"]
[Black "Koziol, Kamil"]
[Result "1/2-1/2"]
[WhiteElo "2376"]
[BlackElo "2290"]
[Annotator "TA"]
[PlyCount "84"]
[EventDate "2018.08.20"]
[EventType "swiss"]
[EventCountry "LAT"]
[SourceTitle "playchess.com"]
[Source "ChessBase"]
[SourceQuality "1"]

{[%evp 16,84,0,-15,9,-4,0,-12,-25,-62,-61,-113,-109,-125,-110,-208,-195,-190,-57,-57,-56,-34,-61,-102,-75,-73,-58,-61,-77,-70,-81,-80,-54,-56,-54,-54,-54,-55,-55,-64,-43,-110,-114,-133,-134,-135,-125,-104,-100,-171,-87,-87,0,-173,0,-91,0,-169,-106,-137,-79,-100,0,-88,-85,-91,-91,-82,-79,-155,-70]} 1. e4 c5 2. Nf3 {[%cal Bg1f3,Bf3d4,Bd4b5][%mdl 32]} d6 3. d4 cxd4 4. Nxd4 Nf6 5. Nc3 Nc6 6. Be2 e5 7. Ndb5 a6 8. Na3 b5 9. Nd5 {LiveBook: 3 Games} Nxd5 {B58: Classical Sicilian: 6 Be2} (9... Nxe4 {is more complex.} 10. Bf3 Nc5 11. O-O Rb8 12. Be3 Bb7) 10. Qxd5 (10. exd5 Nd4 11. Be3 Qa5+ 12. c3 Nxe2 13. Qxe2 Bb7 14. Rd1 Be7 15. Qg4 g6 16. Bh6 f5 17. Qe2 {0-1 (40) Makaraci,T (2021)-Baklan,V (2595) Cesme 2018}) 10... Qc7 11. Be3 Be6 {The position is equal.} 12. Qd2 Rd8 13. Bf3 {[#]} (13. O-O $15) 13... d5 $1 $17 {[%mdl 512]} 14. exd5 Nb4 {[%cal Rb4d5]} 15. dxe6 $146 (15. O-O $17) ({Predecessor:} 15. Qe2 Nxd5 16. Bxd5 Bxd5 17. Bd4 {0-1 (30) Cook,P-Wood,B Aberystwyth (Wales) 1955}) 15... Rxd2 $19 16. exf7+ Qxf7 (16... Kxf7 $19 17. Bxd2 e4) 17. Bxd2 $15 Bc5 18. O-O O-O ({Much worse is} 18... Nxa2 $6 19. c4 $1 $14 {[%mdl 512]}) 19. Rad1 {aiming for Bxb4.} Qg6 {White must now prevent ...Rxf3.} ({Worse is} 19... Nxa2 20. Be3 $16) 20. Bxb4 Bxb4 21. Bd5+ Kh8 22. c4 Bc5 23. cxb5 axb5 24. Nxb5 Qc2 {[%cal Rf8f2]} 25. Rc1 Bxf2+ 26. Kh1 Qxb2 $40 {[%mdl 128] ...Bc5 is the strong threat. Black is up to no good.} 27. Nd6 {Hoping for Nf7+.} g6 $1 28. Rc7 {[#]} (28. Bb3 $15) 28... e4 $1 $17 {[%cal Re4e3][%mdl 512] Threatens to win with ...e3.} 29. Nxe4 (29. Bxe4 Qe2) 29... Qe5 30. Rd7 {[#]} Bc5 $1 {[%cal Rf8f1][%mdl 512]} 31. Rxf8+ (31. Nxc5 Rxf1#) 31... Bxf8 {[%cal Re5a1]} 32. h3 (32. h4 $17) 32... Qa1+ (32... Be7 $19 33. Bb7 Bh4) 33. Kh2 Qe5+ (33... Qb2 $17 34. Kh1 Qb5) 34. Kh1 $19 Qa1+ (34... Be7 $19 35. a4 Bh4) 35. Kh2 $17 Qe5+ (35... h5 $17 36. h4 Qe1) 36. Kh1 $19 Be7 {[%mdl 1024] Black has strong compensation.} 37. a4 Qa1+ 38. Kh2 Qe5+ ({Better is} 38... Bh4 $17 39. Bc6 Qf1) 39. g3 (39. Kh1 $11 {was the only way to keep the balance.}) 39... Qb2+ $17 40. Kh1 Qc1+ 41. Kg2 Qc2+ 42. Kf3 (42. Nf2 $142 Bc5 43. Rd8+ Kg7 44. Rd7+ Kf6 45. Rf7+ Ke5 46. Be4) 42... Qd3+ {Precision: White = 34%, Black = 60%.} ({Black should try} 42... Qxa4 $17 43. Be6 Qa3+ 44. Kg2 Qb2+ 45. Kf3 Qa3+ 46. Kg2 Qe3) 1/2-1/2

[Event "EYCC Open U18 2018"]
[Site "Riga"]
[Date "2018.08.21"]
[Round "2"]
[White "Banzea, Alexandru Bogdan"]
[Black "Livaic, Leon"]
[Result "0-1"]
[WhiteElo "2313"]
[BlackElo "2495"]
[Annotator "TA"]
[PlyCount "74"]
[EventDate "2018.08.20"]
[EventType "swiss"]
[EventCountry "LAT"]
[SourceTitle "playchess.com"]
[Source "ChessBase"]
[SourceQuality "1"]

{[%evp 9,74,17,35,17,22,20,45,39,45,44,40,27,40,25,33,15,14,0,64,60,53,53,46,47,72,39,81,63,61,27,56,63,52,50,60,5,56,36,68,41,52,47,54,0,0,-4,0,-40,0,-95,-95,-100,-74,-160,-92,-220,-113,-114,-118,-204,-191,-174,-169,-406,-408,-560,-548]} 1. e4 c5 2. Nf3 d6 3. Bb5+ Nd7 4. c3 a6 (4... Ngf6 5. Qe2 a6 6. Ba4 b5 7. Bc2 Bb7 8. d4 e6 9. O-O Be7 10. Nbd2 O-O 11. e5 Nd5 12. Ne4 Qc7 13. exd6 Bxd6 14. Nxd6 Qxd6 15. dxc5 Qxc5 {½-½ (58) Kovalev,V (2648)-Grandelius,N (2652) Sharjah 2018}) 5. Bd3 g6 6. a4 $146 {B51: Sicilian: Moscow Variation (3 Bb5+) without 3...Bd7} ({Predecessor:} 6. O-O Bg7 7. Qe2 Qc7 8. a4 Nb8 9. Na3 Nc6 10. Nc4 Bg4 11. h3 Bxf3 12. Qxf3 {0-1 (27) Macedo,M (2102)-Brito,L (2278) Joao Pessoa 2014}) 6... Bg7 7. Bc2 b6 8. d4 {White is slightly better.} cxd4 9. cxd4 Bb7 10. Nc3 Ngf6 11. O-O O-O 12. d5 Rc8 13. h3 Qc7 (13... Nc5 $11) 14. Be3 $14 Nc5 15. Rc1 a5 16. Nd4 {[%cal Bf3d4,Bd4e2,Be2g3][%mdl 32]} Qb8 17. Re1 Kh8 18. Qd2 e5 19. Nde2 Ba6 20. Rb1 Qc7 21. Rec1 Qe7 22. g4 (22. Bg5 $14) 22... Rc7 ({Better is} 22... h5 $11) 23. Ng3 Rfc8 24. f3 Ng8 25. Kg2 Qh4 26. Rd1 (26. b4 $14 axb4 27. Rxb4) 26... Bh6 $1 $11 27. g5 Bf8 $1 28. Rbc1 h6 29. f4 (29. Nge2 $11 {remains equal.}) 29... exf4 $1 $17 30. Bxf4 Nd7 31. Qe3 {[#]} (31. gxh6 $142 Bxh6 32. Bxh6 Nxh6 33. Nge2) 31... f6 (31... Be7 $142 $1 {[%cal Rh6g5]} 32. Qf2 (32. gxh6 g5 $17) 32... hxg5) 32. Qf2 (32. Nh1 $17) 32... hxg5 ({Black should try} 32... fxg5 $19 33. Be3 Bg7) 33. Be3 Ne5 34. Bxb6 (34. Rb1 $17) 34... Rh7 $19 35. Rh1 {[#]} Rb8 $1 {And now ...Bc8 would win.} 36. Nb5 $2 (36. Nce2 {is a better defense.}) 36... Bc8 37. Kg1 {[#]} Rxb6 $1 {[%mdl 512] Precision: White = 26%, Black = 58%.} 0-1

[Event "EYCC Open U18 2018"]
[Site "Riga"]
[Date "2018.08.21"]
[Round "2"]
[White "Dobrovoljc, Vid"]
[Black "Gumularz, Szymon"]
[Result "1/2-1/2"]
[WhiteElo "2298"]
[BlackElo "2458"]
[Annotator "TA"]
[PlyCount "84"]
[EventDate "2018.08.20"]
[EventType "swiss"]
[EventCountry "LAT"]
[SourceTitle "playchess.com"]
[Source "ChessBase"]
[SourceQuality "1"]

{[%evp 27,84,0,0,0,0,-41,-41,-37,-37,-43,-39,-83,-70,-82,-78,-86,-43,-41,0,-57,-58,-58,-23,-36,-31,-37,-27,-59,-60,-58,-39,-71,-97,-95,-76,-74,-42,-43,-25,-22,-14,-6,0,0,0,0,0,0,0,0,590,588,575,567,508,0,562,0,375]} 1. Nf3 Nf6 2. c4 e6 3. Nc3 d5 4. e3 a6 5. d4 dxc4 6. Bxc4 b5 7. Bb3 c5 8. O-O Bb7 9. Qe2 Nbd7 10. Rd1 Qb8 11. d5 c4 {D29: Queen's Gambit Accepted: Classical main line: 7 Qe2 with early ...Nbd7} (11... exd5 12. Nxd5 Nxd5 13. Bxd5 Bxd5 14. Rxd5 Be7 15. e4 Qb7 16. Bg5 f6 17. Bf4 O-O 18. Rad1 Nb6 19. R5d2 Rad8 20. Rxd8 Rxd8 21. Rxd8+ Bxd8 22. e5 Qc6 23. Kf1 {½-½ (23) Postny,E (2618)-Nielsen,P (2681) Khanty-Mansiysk 2011}) 12. dxe6 fxe6 13. Bc2 Bd6 14. e4 O-O {LiveBook: 13 Games} 15. a4 Ne5 {[#] Hoping for ...b4.} 16. Nxe5 Bxe5 17. axb5 axb5 18. Rxa8 Bxa8 19. g3 $146 ({Predecessor:} 19. h3) 19... Qb7 20. Re1 Bd4 21. Nd1 e5 22. Kg2 Nd7 {[%cal Bf6d7,Bd7c5,Bc5e6,Be6d4][%mdl 32]} 23. Ne3 ({Better is} 23. b3 $11) 23... Nc5 24. f3 $1 Ne6 25. Rf1 Bc5 26. b3 $1 Nd4 27. Qd1 Qa6 {Threatens to win with ...Qa2.} (27... cxb3 $6 28. Bxb3+ Kh8 29. Bb2 $11) 28. bxc4 bxc4 29. Rf2 Bc6 30. Bb1 Ba4 31. Qf1 Bb3 (31... Bb5 $5 {[%cal Rc4c3]} 32. Nd5 Nb3 $17) 32. Nd5 Nb5 33. Be3 Bd4 34. f4 $132 {[%mdl 2048] White puts up resistance} Qa7 35. fxe5 {[%csl Gf1][%cal Rf2f8] [#]} Rxf2+ 36. Qxf2 Bxe3 37. Nxe3 {next e6 is good for White.} Na3 38. Qf5 Qf7 $2 {[%mdl 8192]} ({But not} 38... Nxb1 $2 39. Qc8+ Kf7 40. Nf5 $18) (38... Qxe3 $11 39. Qc8+ Kf7 40. Qd7+ Kf8 41. Qd6+ Kg8 42. Qd8+ Kf7 43. Qd7+ Kf8 44. Qd6+ Kf7 45. Qd7+) 39. Qc8+ $18 Qf8 40. Qe6+ Qf7 41. Qc8+ Qf8 42. Qe6+ Qf7 $1 {[%mdl 32768] Precision: White = 63%, Black = 51%. . An unexpected result.} 1/2-1/2

[Event "EYCC Open U18 2018"]
[Site "Riga"]
[Date "2018.08.21"]
[Round "2"]
[White "Vasiesiu, Victor"]
[Black "Mesaros, Florian"]
[Result "1-0"]
[WhiteElo "2297"]
[BlackElo "2422"]
[Annotator "TA"]
[PlyCount "55"]
[EventDate "2018.08.20"]
[EventType "swiss"]
[EventCountry "LAT"]
[SourceTitle "playchess.com"]
[Source "ChessBase"]
[SourceQuality "1"]

{[%evp 18,55,29,18,27,10,16,4,25,18,26,25,37,24,28,16,17,18,116,121,116,111,300,295,298,293,284,266,256,298,485,478,760,716,849,563,562,534,530,501]} 1. e4 e5 2. Nf3 Nc6 3. Bc4 Bc5 4. O-O Nf6 5. d3 a6 6. a4 {C50: Hungarian Defence and Giuoco Pianissimo} d6 7. c3 Ba7 8. Re1 O-O 9. h3 Ne7 10. d4 {LiveBook: 23 Games} Ng6 11. Nbd2 Re8 12. Bb3 Bd7 13. Bc2 Bc6 {[#]} 14. b4 $146 ({Predecessor:} 14. a5 h6 15. Ra3 Qc8 {½-½ (110) Carlsen,M (2832)-Nakamura,H (2785) Paris 2017}) 14... d5 15. Nxe5 Nxe5 16. dxe5 Rxe5 {[%cal Rd5e4]} 17. Nf3 Re8 {[#]} (17... Rxe4 $1 $11 {keeps the balance.} 18. Bxe4 Nxe4) 18. e5 $1 $16 {Hoping for Bg5.} Ne4 19. Be3 Nxc3 $2 (19... Bxe3 $16 20. Rxe3 Ng5) 20. Qd3 $1 $18 {[%csl LRc3,LRh7]} Ne4 21. Bxa7 Rxa7 22. b5 axb5 23. axb5 Qa8 $2 {[#]} (23... Rxa1 {was worth a try.} 24. Rxa1 Qd7) 24. Qd4 {White is clearly winning.} Nc5 (24... Ra2 $142 25. bxc6 bxc6 26. Rxa2 Qxa2) 25. bxc6 ({Not} 25. Qxc5 Rxa1 26. bxc6 Rxe1+ 27. Nxe1 Qa1 $17) 25... bxc6 26. Rxa7 Qxa7 27. Bxh7+ Kxh7 28. Rc1 {Precision: White = 75%, Black = 26%.} 1-0

[Event "EYCC Open U18 2018"]
[Site "Riga"]
[Date "2018.08.21"]
[Round "2"]
[White "Kowalski, Igor"]
[Black "Gadimbayli, Abdulla"]
[Result "1-0"]
[WhiteElo "2294"]
[BlackElo "2413"]
[Annotator "TA"]
[PlyCount "81"]
[EventDate "2018.08.20"]
[EventType "swiss"]
[EventCountry "LAT"]
[SourceTitle "playchess.com"]
[Source "ChessBase"]
[SourceQuality "1"]

{[%evp 17,81,34,25,0,16,0,0,0,0,0,0,0,0,-23,-28,-30,-25,-26,-37,-39,-29,-79,-16,-11,88,82,293,106,404,407,529,514,768,758,739,724,712,699,595,550,502,510,1181,1178,1064,629,764,904,882,902,874,847,1219,1214,5814,1139,1300,1290,29981,29982,12841,1333,1287,1239,1191,857]} 1. d4 Nf6 2. c4 e6 3. Nc3 Bb4 4. Qc2 b6 5. e4 c5 6. d5 {E32: Nimzo-Indian: Classical (4 Qc2): 4...0-0} Qe7 7. Nge2 exd5 8. exd5 O-O 9. Bg5 (9. Bd2 d6 10. O-O-O Ng4 11. Be1 Nd7 12. Ng3 Ndf6 13. h3 Ne5 {1-0 (35) Zhou,J (2597)-Wei,Y (2743) Shenzhen 2017}) 9... h6 {LiveBook: 7 Games} 10. Bd2 $146 (10. Bh4 {looks sharper.} Ba5 11. O-O-O d6 12. f3 Na6 13. a3) ({Predecessor:} 10. Bh4 d6 11. O-O-O Nbd7 12. f4 g5 13. fxg5 Ng4 {1-0 (40) Vocaturo,D (2606)-Pichot,A (2548) Antofagasta 2017}) 10... d6 11. f3 Nbd7 12. O-O-O Re8 13. a3 Ba5 $1 14. Ng3 Qd8 15. h3 a6 16. f4 b5 17. cxb5 Nb6 18. bxa6 c4 19. Nf5 Bxa6 (19... Bxf5 $17 20. Qxf5 Qc7) 20. g4 $11 {[%cal Bg2g4,Bg4g5][%mdl 32]} Bb7 (20... Bc8 $1 $11) 21. Bg2 $16 Nh7 $2 (21... Nbxd5 $16 {is a better defense.} 22. Nxd5 Bxd5 23. Bxd5 Nxd5) 22. h4 $2 (22. Rhe1 $18 {and White stays clearly on top.}) 22... Ra6 $2 {[%mdl 8192]} (22... Bc8 $16) 23. g5 $18 h5 24. Rhe1 Nd7 25. Rxe8+ Qxe8 26. Re1 Qd8 {[#]} 27. g6 $1 {[%mdl 512]} Nhf6 (27... fxg6 28. Nh6+) 28. gxf7+ Kxf7 29. Ne4 Nxe4 (29... Bxd2+ $142 30. Nxd2 Bc8 31. Nxc4 Nc5) 30. Bxa5 Rxa5 31. Rxe4 Nc5 32. Re7+ Qxe7 33. Nxe7 Kxe7 34. Qg6 Nd3+ 35. Kd2 Rb5 36. Qxg7+ (36. Qe6+ $142 Kf8 37. Qxd6+ Ke8 38. Qb8+ Kf7 39. Qc7+ Ke8 40. d6) 36... Ke8 37. Ke3 Nxb2 38. f5 Rb3+ 39. Kf4 (39. Ke2 $142 c3 40. f6 Ba6+ 41. Kf2 Nd3+ 42. Kg3) 39... Nd3+ 40. Kg5 {[#] Threatening mate with f6.} Ne5 41. Kf6 {Precision: White = 53%, Black = 36%.} 1-0

[Event "EYCC Open U18 2018"]
[Site "Riga"]
[Date "2018.08.21"]
[Round "2"]
[White "Ranaldi, Lucas"]
[Black "Macovei, Andrei"]
[Result "1-0"]
[WhiteElo "2291"]
[BlackElo "2394"]
[Annotator "TA"]
[PlyCount "95"]
[EventDate "2018.08.20"]
[EventType "swiss"]
[EventCountry "LAT"]
[SourceTitle "playchess.com"]
[Source "ChessBase"]
[SourceQuality "1"]

{[%evp 21,95,22,29,35,18,37,36,20,31,29,47,50,54,54,56,48,51,45,45,45,46,62,62,52,54,46,61,39,41,39,43,37,45,28,38,59,89,63,80,75,149,154,266,264,175,0,0,0,314,291,426,326,392,363,1001,948,1070,990,1699,1597,1640,1554,1493,1491,1504,1449,5600,5242,3768,2872,29981,29982,29982,29982,29981,29982]} 1. Nf3 Nf6 2. c4 b6 3. g3 Bb7 4. Bg2 e6 5. O-O Be7 6. Nc3 O-O 7. d4 Ne4 8. Bd2 Bf6 9. Rc1 Nxd2 10. Qxd2 d6 11. Rfd1 {E18: Damenindisch (Hauptfortsetzung)} (11. d5 e5 12. e4 Nd7 13. h4 a5 14. Bh3 Nc5 15. Kg2 Bc8 16. Rh1 Bxh3+ 17. Rxh3 Qd7 18. Nh2 h5 19. f3 g6 {1-0 (48) So,W (2808)-Rapport,R (2702) Wijk aan Zee 2017 CBM 177 [Stohl,I]}) 11... Nd7 {LiveBook: 4 Partien} 12. Ne1 Bxg2 13. Kxg2 $146 {Die Stellung ist ausgeglichen.} ({Vorgänger:} 13. Nxg2 Qe7 14. Ne3 g6 15. Kg2 Bg7 16. Nc2 f5 17. f4 Nf6 18. Ne1 Rad8 {½-½ (37) Dzagnidze,N (2529)-Ushenina,A (2458) Izmir 2016}) 13... c6 14. e4 {[%cal Be2e4,Be4e5][%mdl 32]} a6 15. f4 b5 16. e5 Be7 17. Ne4 d5 18. cxd5 cxd5 19. Nc5 Bxc5 20. dxc5 Rc8 21. b4 Nb8 22. Nf3 Nc6 23. Nd4 Qd7 24. Rf1 Ra8 25. a3 Rfe8 26. Rf2 g6 27. g4 Nxd4 28. Qxd4 Qc6 29. Rcf1 a5 30. f5 {Schwarz muss nun fxg6 beachten.} gxf5 (30... Re7 $142) 31. gxf5 $16 Kh8 (31... axb4 $16 32. axb4 Kh8) 32. Kh1 $18 Rg8 {[#]} 33. f6 $2 ({Günstiger ist} 33. fxe6 $1 $18 fxe6 34. Rf7) 33... axb4 $11 34. axb4 Ra4 $2 {[%mdl 8192]} (34... Qa6 $1 $11) 35. Rg1 Rxg1+ 36. Kxg1 $18 {[%mdl 4096] Endspiel Droht Matt per Dg4. KDT-KDT} Qa8 {[#] Und ...Ta1+ würde nun gewinnen.} 37. Qg4 {[%csl Gf6][%cal Rg4g7]} Qg8 $2 (37... Qf8 38. Rc2 Ra7) 38. Qxg8+ Kxg8 {KT-KT} 39. Rc2 h5 40. c6 Ra8 41. Kf2 Kh7 42. Ke3 Kg6 43. Kd4 Kf5 44. Rf2+ Kg4 45. Kc5 Ra1 46. Kxb5 {Weiß setzt Matt.} Rc1 47. Kb6 d4 48. c7 {Precision: Weiß = 78%, Schwarz = 42%.} 1-0